Govt. of
Madhya Pradesh

Yoga (Record no. 34375)

MARC details
000 -LEADER
fixed length control field 004500000a22001690004500
003 - CONTROL NUMBER IDENTIFIER
control field MACL
005 - DATE AND TIME OF LATEST TRANSACTION
control field 20151229144738.0
008 - FIXED-LENGTH DATA ELEMENTS--GENERAL INFORMATION
fixed length control field 151229b xxu||||| |||| 00| 0 eng d
040 ## - CATALOGING SOURCE
Original cataloging agency MACL
Transcribing agency MACL
041 ## - LANGUAGE CODE
Language code of text/sound track or separate title English
082 ## - DEWEY DECIMAL CLASSIFICATION NUMBER
Classification number 181.45/HUT
100 ## - MAIN ENTRY--PERSONAL NAME
Personal name Hutchinson, Ronald
9 (RLIN) 23964
245 ## - TITLE STATEMENT
Title Yoga
Remainder of title A way of Life
260 ## - PUBLICATION, DISTRIBUTION, ETC. (IMPRINT)
Name of publisher, distributor, etc. The Hamlyn Publishing Group Ltd
Date of publication, distribution, etc. 1974
Place of publication, distribution, etc. Toronto
650 ## - SUBJECT ADDED ENTRY--TOPICAL TERM
Topical term or geographic name as entry element Oriental philosophy
9 (RLIN) 339
942 ## - ADDED ENTRY ELEMENTS (KOHA)
Koha item type Books
Call number prefix 181.45/HUT
Source of classification or shelving scheme
Holdings
Withdrawn status Lost status Source of classification or shelving scheme Damaged status Not for loan Home library Current library Date acquired Total Checkouts Full call number Barcode Date last seen Uniform Resource Identifier Price effective from Koha item type
          MACL MACL 15/04/2015   181.45/HUT CLE016330 29/04/2015 34578 15/04/2015 Books